| 000 | 00542nam a2200217Ia 4500 | ||
|---|---|---|---|
| 008 | 160404s9999 xx 000 0 und d | ||
| 020 | _a971-12-0239-5 | ||
| 050 | _aFIL HF 5635 | ||
| 050 | _b.M45 2000 | ||
| 100 | _aMejorada, Nenita D. | ||
| 245 | _aAdvanced accounting part II / | ||
| 245 | _cNenita D. Mejorada. | ||
| 250 | _a4th Edition | ||
| 260 | _aManila : | ||
| 260 | _bGoodwill Tradaing Co., Inc., | ||
| 260 | _c2000 | ||
| 300 | _a285 pages : | ||
| 300 | _billustrations ; | ||
| 300 | _c25 cm. | ||
| 650 | _aAccounting. | ||
| 999 |
_c293227 _d293227 |
||